01763nam a2200313Ia 450000500170000000800410001702000150005808200190007310000360009224500640012825000190019230000430021149000310025450503490028560000230063465000510065765000230070894200120073126400340074333600270077733700330080433800280083704000350086599900150090095201320091595201360104795201310118395201350131420220317000752.0160601s2004 ck a g 000 0 spa  a958301467204a927.9633bP24m1 aMéndez Camacho, Migueld1942-10aPelé bde la favela a la gloria cMiguel Méndez Camacho a1a. edición  a114 páginas bilustraciones c22 cm  a100 personajes 100 autores aEsto parece cuento. La buena estrella de una estrella. No pudieron bajarlo de la estatua. Suecia 58 -- la copa para un brindis. Chile 62 -- festejando desde la tribuna. Inglaterra 66 -- el mundial de los árbitros tramposos -- México 70 --las manos cansadas de aplaudir -- ¿Y quién es el mejor? -- Mitos, leyendas, metiras y exageraciones14aPeled1940-911773142LEMBaDeportistas brasileños vBiografías 142LEMBaFutbolistas  2ddccBK aBogotá bPanamericanac2004 atextobtxt2rdacontent asin mediaciónbn2rdamedia avolumenbnc2rdacarrier aCO-BoRNBPbspaerdacCO-BoRNBP c5000d5000 00102ddc40708GENaMEPRICObMEPRICOcGENd2023-04-17l0o927.9633P24mpPR00000963r2023-04-17 00:00:00tEj.1w2023-04-17yBK 00102ddc40708GENaMEMAPIRIbMEMAPIRIcGENd2024-01-10l0o927.9633 P24mpMAP00001632r2024-01-10 21:53:31tEj.1w2024-01-10yBK 00102ddc40708GENaMEURIBEbMEURIBEcGENd2024-08-26l0o927.9633 P24mpURI01282r2024-08-26 09:40:30tEj.1w2024-08-26yBK 00102ddc40708GENaMEPLLERASbMEPLLERAScGENd2025-01-22l0o927.9633 P24mpPLL01740r2025-01-22 09:58:23tEj.1w2025-01-22yBK